Visualizzazione normale
Vista MARC
- Pio II (E. S. Piccolomini )
di Personal Name
Records bibliografici associati: 1
001 - CONTROL NUMBER
- control field: 35084
003 - CONTROL NUMBER IDENTIFIER
- control field: IT-RoPau
005 - DATE AND TIME OF LATEST TRANSACTION
- control field: 20150622224112.0
008 - FIXED-LENGTH DATA ELEMENTS
- fixed length control field: 150622|| aca||aabn | a|a d
040 ## - CATALOGING SOURCE
- Original cataloging agency: IT-RoPau
- Transcribing agency: IT-RoPau
100 ## - HEADING--PERSONAL NAME
- Personal name: Pio II (E. S. Piccolomini )
670 ## - SOURCE DATA FOUND
- Source citation: Work cat.: (IT-RoPau)21166: Pio II (E. S. Piccolomini ), I Commentari. A cura di Giuseppe Bernetti